000 01142cam a2200217 4500
001 ##L131755
008 051206n2003 000 0 eng u
020 _a1860815987
035 _a(Sirsi) u131755
041 0 _aeng
050 0 4 _a658.45 $2 18
100 1 _aStupart, Alastair
245 0 0 _aConstruction site communication
260 _aLondon
_bBRE
_c2003
300 _a6p
_bill
_c30cm
490 0 _aBRE Good Building Guide
_vGBG 54 Part 1
520 _aThis two part guide advises on how communication can be improved to and around a construction site, and is relevant to all trades and work activities on site. Part one gives advise applicable across an entire building project. Part two deals specifically with communications on masonry construction. This part contains boxes describing the planning of project communication, a checklist for production, checking and distribution of drawings, the benefits of a 'kick off' meeting, sources of technical information, and providing best practice information.
651 4 _aUnited Kingdom
_y
690 _aMANAGEMENT-PROJECT MANAGEMENT-PROJECT COMMUNICATION MANAGEMENT
942 _n0
999 _c104828
_d104828